000 00612cam a2200217 a 4500
001 000009888
005 20200929161741.0
008 920205s1988 cu 001 0 spa
040 _aDO-SdBNP
_bspa
_cLC
_dBNPHU
082 _a861.44
_bS165p
100 1 _aSalinas, Pedro,
_d1892-1951.
_97966
245 1 0 _aPoesía /
_cPedro Salinas.
260 _aLa Habana :
_bArte y Literatura,
_c1988.
300 _a322 p. ;
_c18 cm.
490 1 _aBolsilibros
650 4 _aPoesía española
_9631
650 4 _aLiteratura española
_9632
830 0 _aBolsilibros
_923397
910 _aCatalogación derivada
049 _aBNGR
999 _c9647
_d9647